| 000 | 00733cam a2200241 a 4500 | ||
|---|---|---|---|
| 001 | 000018460 | ||
| 005 | 20200929165818.0 | ||
| 008 | 780620s1969 sp 000 1 spa d | ||
| 040 |
_aDO-SdBNP _bspa _cLC _dBNPHU |
||
| 082 |
_a864.64 _bC973h, 1969 |
||
| 100 | 1 |
_aCunqueiro, Álvaro. _939948 |
|
| 245 | 1 | 3 |
_aUn hombre que se parecía a Orestes / _cÁlvaro Cunqueiro. |
| 250 | _a2a ed. | ||
| 260 |
_aBarcelona : _bDestino, _c1969. |
||
| 300 |
_a244 p. ; _c19 cm. |
||
| 490 | 1 |
_aÁncora y Delfín, _v325 |
|
| 586 | _a"Premio Eugenio Nadal 1968". | ||
| 650 | 4 |
_aEnsayos españoles _93095 |
|
| 650 | 4 |
_aLiteratura española _9632 |
|
| 830 | 0 |
_aÁncora y Delfín, _v325 _95000 |
|
| 910 | _aCatalogación derivada / LC | ||
| 049 | _aBNGR | ||
| 999 |
_c17980 _d17980 |
||